<?xml version="1.0" encoding="UTF-8"?><marc:collection xmlns:marc="http://www.loc.gov/MARC21/slim">
  <marc:record>
    <marc:leader>00000nam##2200000za#4500</marc:leader>
    <marc:controlfield tag="001">9.637022</marc:controlfield>
    <marc:controlfield tag="003">CaOODSP</marc:controlfield>
    <marc:controlfield tag="005">20210624221016</marc:controlfield>
    <marc:controlfield tag="007">cr |||||||||||</marc:controlfield>
    <marc:controlfield tag="008">150407|2007||||xxc|||||o    f|0| 0 fre|d</marc:controlfield>
    <marc:datafield tag="040" ind1=" " ind2=" ">
      <marc:subfield code="a">CaOODSP</marc:subfield>
      <marc:subfield code="b">fre</marc:subfield>
    </marc:datafield>
    <marc:datafield tag="043" ind1=" " ind2=" ">
      <marc:subfield code="a">n-cn---</marc:subfield>
    </marc:datafield>
    <marc:datafield tag="086" ind1="1" ind2=" ">
      <marc:subfield code="a">Fs158-2/2007F-PDF</marc:subfield>
    </marc:datafield>
    <marc:datafield tag="110" ind1="1" ind2=" ">
      <marc:subfield code="a">Canada.</marc:subfield>
      <marc:subfield code="b">Ministère des pêches et des océans.</marc:subfield>
      <marc:subfield code="b">Conseil pour la conservation des ressources halieutiques.</marc:subfield>
    </marc:datafield>
    <marc:datafield tag="245" ind1="1" ind2="0">
      <marc:subfield code="a">Cadre de durabilité pour le homard de l'Atlantique (2007) : </marc:subfield>
      <marc:subfield code="h">[ressource électronique]</marc:subfield>
      <marc:subfield code="b">rapport pour le Ministre des Pêches et Océans </marc:subfield>
    </marc:datafield>
    <marc:datafield tag="260" ind1=" " ind2=" ">
      <marc:subfield code="a">Ottawa - Ontario : </marc:subfield>
      <marc:subfield code="b">Pêches et Océans Canada. </marc:subfield>
      <marc:subfield code="c">Juillet 2007.</marc:subfield>
    </marc:datafield>
    <marc:datafield tag="300" ind1=" " ind2=" ">
      <marc:subfield code="a">74p.</marc:subfield>
      <marc:subfield code="b">cartes en couleur, glossaire, graphiques, ill. (certaines en couleur), tableaux</marc:subfield>
    </marc:datafield>
    <marc:datafield tag="500" ind1=" " ind2=" ">
      <marc:subfield code="a">Le n° de catalogue (Fs158-2/2007F) et l’ISBN (978-0-662-09526-2) de l'édition imprimée ont été incorrectement copiés dans la version PDF.</marc:subfield>
    </marc:datafield>
    <marc:datafield tag="520" ind1="3" ind2=" ">
      <marc:subfield code="a">Le Conseil pour la conservation des ressources halieutiques (le CCRH ou le Conseil) est heureux de réviser le Cadre pour la conservation des stocks du homard de l’Atlantique paru en 1995 (le Rapport de 1995). Cet examen nous a offert l’occasion d’évaluer la pertinence d’un rapport rédigé il y a plus de dix ans et de présenter une perspective stratégique à long terme sur le homard et de ceux qui en bénéficient sur la côte est du Canada.Le Conseil pour la conservation des ressources halieutiques (le CCRH ou le Conseil) est heureux de réviser le Cadre pour la conservation des stocks du homard de l’Atlantique paru en 1995 (le Rapport de 1995). Cet examen nous a offert l’occasion d’évaluer la pertinence d’un rapport rédigé il y a plus de dix ans et de présenter une perspective stratégique à long terme sur le homard et de ceux qui en bénéficient sur la côte est du Canada.</marc:subfield>
    </marc:datafield>
    <marc:datafield tag="590" ind1=" " ind2=" ">
      <marc:subfield code="a">09-44</marc:subfield>
      <marc:subfield code="b">2009-10-30</marc:subfield>
    </marc:datafield>
    <marc:datafield tag="691" ind1="0" ind2="7">
      <marc:subfield code="a">Crustacé</marc:subfield>
      <marc:subfield code="2">gcpds</marc:subfield>
    </marc:datafield>
    <marc:datafield tag="775" ind1="0" ind2="8">
      <marc:subfield code="t">Sustainability Framework for Atlantic Lobster 2007 : </marc:subfield>
      <marc:subfield code="w">(CaOODSP)9.692813</marc:subfield>
    </marc:datafield>
    <marc:datafield tag="776" ind1="0" ind2="#">
      <marc:subfield code="t">Cadre de durabilité pour le homard de l'Atlantique (2007) : </marc:subfield>
      <marc:subfield code="w">(CaOODSP)9.683869</marc:subfield>
    </marc:datafield>
    <marc:datafield tag="856" ind1="4" ind2="0">
      <marc:subfield code="a">http://publications.gc.ca</marc:subfield>
      <marc:subfield code="q">PDF</marc:subfield>
      <marc:subfield code="s">2511 Ko</marc:subfield>
      <marc:subfield code="u">https://publications.gc.ca/collections/collection_2009/mpo-dfo/Fs158-2-2007F.pdf</marc:subfield>
    </marc:datafield>
    <marc:datafield tag="986" ind1=" " ind2=" ">
      <marc:subfield code="a">CCRH.07.R1</marc:subfield>
    </marc:datafield>
  </marc:record>
</marc:collection>
